Detalles MARC
| 000 -CABECERA |
| Longitud fija campo de control |
01791nam a2200385Ia 4500 |
| 003 - • IDENTIFICADOR DELl NÚMERO DE CONTROL |
| Identificador del número de control |
CO-BoRNBP |
| 005 - • FECHA Y HORA DE LA ÚLTIMA TRANSACCIÓN |
| Fecha y hora de la última transacción |
20250620151107.0 |
| 007 - • CAMPO FIJO DE DESCRIPCIÓN FÍSICA |
| Campo fijo de descripción física |
ta |
| 008 - • CÓDIGOS DE INFORMACIÓN DE LONGITUD FIJA |
| Códigos de información de longitud fija |
141031s2013 ck a g 000 j spa |
| 020 ## - • NÚMERO INTERNACIONAL NORMALIZADO PARA LIBROS |
| Número Internacional Normalizado para Libros (ISBN) |
9789582401016 |
| 040 ## - FUENTE DE LA CATALOGACIÓN |
| Centro catalogador de origen |
CO-BoRNBP |
| Lengua de catalogación |
spa |
| Normas de descripción |
rda |
| Centro transcriptor |
CO-BoRNBP |
| 084 ## - • Clasificación Local Alfanúmerica PNLB |
| Número de clasificación |
C ROD1 |
| 100 1# - • PUNTO DE ACCESO PRINCIPAL-NOMBRE DE PERSONA |
| Nombre de persona |
Rodari, Gianni |
| Fechas asociadas al nombre |
1920-1980 |
| 245 10 - • TITULO PROPIAMENTE DICHO |
| Título |
Cuentos para jugar |
| Mención de responsabilidad, etc. |
Gianni Rodari ; traducción de Carmen Santos ; ilustraciones de Gianni Peg |
| 250 ## - • MENCIÓN DE EDICIÓN |
| Mención de edición |
Primera edición |
| 264 #1 - PRODUCCIÓN, PUBLICACIÓN , DISTRIBUCIÓN, FABRICACIÓN Y COPYRIGHT |
| Lugar de producción, publicación, distribución, fabricación |
Bogotá |
| Nombre del productor, editor, distribuidor, fabricante |
Alfaguara |
| -- |
Santillana |
| Fecha de de producción, publicación, distribución, fabricación o copyright |
2013 |
| 300 ## - • DESCRIPCIÓN FÍSICA |
| Extensión |
163 páginas |
| Otras características físicas |
ilustraciones en blanco y negro |
| Dimensiones |
20 cm. |
| 336 ## - TIPO DE CONTENIDO |
| Término de tipo de contenido |
texto |
| Código de tipo de contenido |
txt |
| Fuente |
rdacontent |
| 337 ## - TIPO DE MEDIO |
| Nombre del tipo de medio |
sin mediación |
| Código del tipo de medio |
n |
| Fuente |
rdamedia |
| 338 ## - TIPO DE SOPORTE |
| Nombre del tipo de soporte |
volumen |
| Código del tipo de soporte |
nc |
| Fuente |
rdacarrier |
| 490 0# - • MENCIÓN DE SERIE |
| Mención de serie |
La Biblioteca de los Niños |
| 490 0# - • MENCIÓN DE SERIE |
| Mención de serie |
Alfaguara infantil |
| 504 ## - • NOTA DE BIBLIOGRAFÍA, ETC |
| Nota de bibliografía, etc. |
Incluye datos biográficos del autor |
| 505 0# - • NOTA DE CONTENIDO CON FORMATO |
| Nota de contenido con formato |
El tamborilero mágico -- Pinocho el astuto -- Aquellos pobres fantasmas -- El perro que no sabía ladrar -- La casa en el desierto -- El flautista y los automóviles -- La vuelta a la ciudad -- Cuando en Milán llovieron sombreros -- Alarma en el nacimiento. |
| 534 ## - • Nota De Versión Original |
| Título |
Tante storie per giocare |
| 650 00 - • PUNTO DE ACCESO ADICIONAL DE MATERIA - TÉRMINO DE MATERIA |
| Término de materia o nombre geográfico como elemento inicial |
Cuentos infantiles italianos. |
| Subdivisión cronológica |
Siglo XX |
| Fuente del encabezamiento o término |
LEMB |
| 650 07 - • PUNTO DE ACCESO ADICIONAL DE MATERIA - TÉRMINO DE MATERIA |
| Término de materia o nombre geográfico como elemento inicial |
Magia |
| Subdivisión de forma |
Cuentos |
| Fuente del encabezamiento o término |
LEMB |
| 650 07 - • PUNTO DE ACCESO ADICIONAL DE MATERIA - TÉRMINO DE MATERIA |
| Término de materia o nombre geográfico como elemento inicial |
Animales |
| Subdivisión de forma |
Cuentos |
| Fuente del encabezamiento o término |
LEMB |
| 650 07 - • PUNTO DE ACCESO ADICIONAL DE MATERIA - TÉRMINO DE MATERIA |
| Término de materia o nombre geográfico como elemento inicial |
Literatura infantil italiana |
| Subdivisión cronológica |
Siglo XX |
| Fuente del encabezamiento o término |
LEMB |
| 700 1# - • PUNTO DE ACCESO ADICIONAL - NOMBRE DE PERSONA |
| Nombre de persona |
Santos, Carmen |
| Término indicativo de función |
traductora |
| 700 1# - • PUNTO DE ACCESO ADICIONAL - NOMBRE DE PERSONA |
| Nombre de persona |
Peg, Gianni |
| Término indicativo de función |
ilustrador |
| 740 0# - • PUNTO DE ACCESO ADICIONAL - TÍTULO RELACIONADO O ANALÍTICO NO CONTROLADO |
| Título relacionado o analítico no controlado |
El tamborilero mágico \ Pinocho el astuto \ Aquellos pobres fantasmas \ El perro que no sabía ladrar \ La casa en el desierto \ El flautista y los automóviles \ La vuelta a la ciudad \ Cuando en Milán llovieron sombreros \ Alarma en el nacimiento |
| 942 ## - ENTRADA DE ELEMENTOS AGREGADOS (KOHA) |
| Fuente de clasificaión o esquema |
|
| Koha [por defecto] tipo de item |
Libro Infantil |